Online katalóg knižníc regiónu Turca

Mala som 12 rokov, vzala som bicykel a šla som do školy- (Record no. 22458)

MARC details
000 -LEADER
fixed length control field 01526nam a2200445 a 4500
001 - CONTROL NUMBER
control field 22458
003 - CONTROL NUMBER IDENTIFIER
control field SK-KTurca
005 - DATE AND TIME OF LATEST TRANSACTION
control field 20260328124942.0
008 - FIXED-LENGTH DATA ELEMENTS--GENERAL INFORMATION
fixed length control field 251031s2005 xo f 000 0aslo
015 ## - NATIONAL BIBLIOGRAPHY NUMBER
National bibliography number SNBA2006/02-00629
020 ## - INTERNATIONAL STANDARD BOOK NUMBER
International Standard Book Number 8055110484
Qualifying information (viaz.)
035 ## - SYSTEM CONTROL NUMBER
System control number 2A3B80C7-45E0-4FB1-8ACA-A340630AC39D
035 ## - SYSTEM CONTROL NUMBER
System control number urn:nbn:sk:snk-aml6qn
035 ## - SYSTEM CONTROL NUMBER
System control number urn:nbn:sk:snk-am008uci
040 ## - CATALOGING SOURCE
Original cataloging agency SNK
Language of cataloging slo
Transcribing agency SNK
041 1# - LANGUAGE CODE
Language code of text/sound track or separate title slo
Language code of original fre
043 ## - GEOGRAPHIC AREA CODE
Geographic area code e-be---
044 ## - COUNTRY OF PUBLISHING/PRODUCING ENTITY CODE
MARC country code xo
ISO country code SK
072 #7 - SUBJECT CATEGORY CODE
Subject category code 343
Subject category code subdivision Trestné právo
Source konspekt
072 #7 - SUBJECT CATEGORY CODE
Subject category code 929
Subject category code subdivision Biografie
Source konspekt
080 ## - UNIVERSAL DECIMAL CLASSIFICATION NUMBER
Universal Decimal Classification number 616.89-008.442-051
Edition identifier MDT-MRF
080 ## - UNIVERSAL DECIMAL CLASSIFICATION NUMBER
Universal Decimal Classification number 616.89-008.442
Edition identifier MDT-MRF
080 ## - UNIVERSAL DECIMAL CLASSIFICATION NUMBER
Universal Decimal Classification number 929
Edition identifier MDT-MRF
080 ## - UNIVERSAL DECIMAL CLASSIFICATION NUMBER
Universal Decimal Classification number (493)
Edition identifier MDT-MRF
080 ## - UNIVERSAL DECIMAL CLASSIFICATION NUMBER
Universal Decimal Classification number (0:82-94)
Edition identifier MDT-MRF
080 ## - UNIVERSAL DECIMAL CLASSIFICATION NUMBER
Universal Decimal Classification number 343.3/.7-058.6-053.2
Edition identifier MDT-MRF
100 1# - MAIN ENTRY--PERSONAL NAME
Personal name Dardenne, Sabine,
Dates associated with a name 1983-
Relationship aut
240 10 - UNIFORM TITLE
Uniform title J'avais 12 ans, j'ai pris mon vélo et je suis partie a l'école-
Language of a work Slovensky
245 10 - TITLE STATEMENT
Title Mala som 12 rokov, vzala som bicykel a šla som do školy-
Statement of responsibility, etc. Sabine Dardennová; v spolupráci s Marie-Thérese Cunyovou; [z francúzskeho originálu preložila Erika Hažírová]
250 ## - EDITION STATEMENT
Edition statement [1. vyd.]
260 ## - PUBLICATION, DISTRIBUTION, ETC.
Place of publication, distribution, etc. Bratislava
Name of publisher, distributor, etc. Ikar
Date of publication, distribution, etc. 2005
300 ## - PHYSICAL DESCRIPTION
Extent 173 s.
Dimensions 21 cm
650 07 - SUBJECT ADDED ENTRY--TOPICAL TERM
Topical term or geographic name entry element pedofili
Source of heading or term SNKPH
650 07 - SUBJECT ADDED ENTRY--TOPICAL TERM
Topical term or geographic name entry element deti ako obeti trestných činov
Geographic subdivision Belgicko
Source of heading or term SNKPH
650 07 - SUBJECT ADDED ENTRY--TOPICAL TERM
Topical term or geographic name entry element pedofília
Geographic subdivision Belgicko
Source of heading or term SNKPH
655 #7 - INDEX TERM--GENRE/FORM
Genre/form data or focus term autobiografické spomienky
Source of term SNKPH
700 1# - ADDED ENTRY--PERSONAL NAME
Personal name Cuny, Marie-Thérèse
Relationship aut
700 1# - ADDED ENTRY--PERSONAL NAME
Personal name Hažírová, Erika
Relationship trl
942 ## - ADDED ENTRY ELEMENTS (KOHA)
Source of classification or shelving scheme Dewey Decimal Classification
Koha item type Krásna literatúra pre dospelých
Suppress in OPAC No
Holdings
Stav vyradenia Strata Poškodenie Spôsob nadobudnutia Domovská knižnica Aktuálna knižnica Dátum nadobudnutia Total checkouts Čiarový kód exemplára Date last seen Typ exemplára
      Dar Obecná knižnica Horná Štubňa Obecná knižnica Horná Štubňa 28.03.2026   9788055110486 28.03.2026 Krásna literatúra pre dospelých
Projekt je podporený Slovenskou asociáciou knižníc
Prevádzkuje Turčianska knižnica Martin 2026